000
00340 a2200157 4500
001
72703
020
_a
040
_c
Anchieta - Colégio São Paulo
240
1
0
_a
Os três gatinhos
_l
por
245
1
0
_a
Os três gatinhos
300
_a
[10p.]
362
0
_a
1970
440
1
_a
Record
650
4
_a
Literatura infanto-juvenil
942
_c
BK
999
_c
72703
_d
72703